| 000 | 00963nam2a2200277 4500 | ||
|---|---|---|---|
| 001 | RU\NLR\bibl\1324559 | ||
| 005 | 20250615161800.0 | ||
| 010 |
_a978-5-91250-360-3 _910000 |
||
| 021 |
_aRU _b2008-97352 _95709 |
||
| 035 | _a(NLR Aleph) 001309872 | ||
| 090 |
_a672678 _c672678 |
||
| 100 | _a20090203d2008 |||y0rusy50 ca | ||
| 101 | 1 |
_arus _ceng |
|
| 102 | _aRU | ||
| 105 | _ay ||||||||| | ||
| 200 | 1 |
_aНовое начало _dThe new beginning _eгод 2002 и дальше _zeng |
|
| 210 |
_d2008 _aБ. м. |
||
| 215 | _a385 с. | ||
| 320 | _aБиблиогр. в подстроч. примеч | ||
| 461 | 0 |
_1001RU\NLR\bibl\1071778 _12001#$aКрайон$v[Кн. 9] _9926572 _aКрайон (дух) _cМосква _d2007 _fКэрролл Ли _lKryon _nСофия _o[сборник _tКрайон _v[Кн. 9] |
|
| 510 | 1 |
_aThe new beginning _zeng |
|
| 801 | 0 |
_aRU _bNLR _c20090203 _gRCR |
|
| 801 | 1 |
_aRU _bNLR _c20090203 |
|
| 942 | _cBOOK | ||
| 980 | _aNB | ||